000 01012nam a2200229Ia 4500
999 _c36149
_d36149
001 2051
003 GE_BSU
005 20221007103236.0
008 181216s2005ru xx |||||||||||||| ||rus||
020 _a5720506225
040 _cGE_BSU
041 _arus
080 _a342.7(470) Б-81
100 _aБондарь,Н.С.
_915123
245 _aВласть и свобода на весах конституционного правосудия :
_bЗащита прав человека Конституционным судом РФ. /
_cН.С. Бондарь.
264 _aМосква :
_bЮстицинформ,
_c2005.
300 _a592 стр.:
653 _aВласть и свобода на весах конституционного правосудия
653 _aძალა და თავისუფლება საკონსტიტუციო მართლმსაჯულების სასწორზე
653 _aსამართალი
942 _cBK
_2udc